Epigramy a iné frivolnosti

Bibliographic Details
Main Author: Jarábek, Mikuláš, 1943- (Author)
Format: Book
Language:Slovak
PhysicalDescription:88 s. ilustr. 14 cm
Published: Trnava AData 2006
ISBN:8096758977
Edition:1. vyd.
Subjects:

MARC

LEADER 00000nam a2200000 a 4500
001 vtls009302554
003 SK-MaSNL
005 20260302043233.0
008 240314s2006 xo a g 000 0 slo
015 |a SNBA2008/08-03476 
020 |a 8096758977  |q (brož.) 
035 |a urn:nbn:sk:snk-am00d7jz 
035 |a urn:nbn:sk:snk-am3hscp 
035 |a 3DFC8B88-9EE2-4314-ADA7-E55A699C151E 
040 |a SNK  |b slo  |c SNK  |e AACR2 
041 0 |a slo 
044 |a xo  |c SK 
072 7 |a 17  |x Etika. Morálna filozofia  |2 konspekt 
080 |a 17.02  |2 2001 
080 |a (0:82-193.2)  |2 2001 
100 1 |a Jarábek, Mikuláš,  |d 1943-  |4 aut  |9 170386 
245 1 0 |a Epigramy a iné frivolnosti  |c Mikuláš Jarábek 
250 |a 1. vyd. 
260 |a Trnava  |b AData  |c 2006 
300 |a 88 s.  |b ilustr.  |c 14 cm 
650 0 7 |a životná múdrosť  |2 SNKPH  |9 4008 
655 7 |a epigramy  |2 SNKPH  |9 70418 
919 |a 80-967589-7-7 
958 |a LX 
968 |d 821 
999 |c 1085913  |d 1087843 
952 |a SNK  |b SNK  |y VYP  |7 0  |p 17A0587702  |o snkSE 11533 D1  |i snk2008/12132  |8 0  |0 0  |1 0  |4 0  |d 2008-06-10  |l 0  |r 2026-02-24 16:40:18  |w 2026-02-24 
952 |a SNK  |b SNK  |y PREZ  |7 0  |p 17A0587703  |o snkSE 11533  |i snk2008/12131  |8 0  |0 0  |1 0  |4 0  |d 2008-06-10  |f 1  |l 0  |r 2026-02-24 16:40:18  |w 2026-02-24